Catálogo

Vista normal Vista MARC

Entrada Personal Name

Número de registros utilizados en: 1

001 - CONTROL NUMBER

  • control field: 16930

003 - CONTROL NUMBER IDENTIFIER

  • control field: DLC

005 - DATE AND TIME OF LATEST TRANSACTION

  • control field: 20250402113905.0

008 - FIXED-LENGTH DATA ELEMENTS

  • fixed length control field: 870323n| acannaabn |b aaa

010 ## - LIBRARY OF CONGRESS CONTROL NUMBER

  • LC control number: n 86012825

035 ## - SYSTEM CONTROL NUMBER

  • System control number: (OCoLC)oca01815333

040 ## - CATALOGING SOURCE

  • Original cataloging agency: DLC
  • Language of cataloging: spa
  • Transcribing agency: Mx-PuUPA
  • Modifying agency: DLC
  • Modifying agency: OCoLC
  • Modifying agency: Mx-PuUPA
  • Description conventions: rda

100 1# - HEADING--PERSONAL NAME

  • Personal name: Gonen, Rivka,

374 ## - OCCUPATION

  • Occupation: Autor

375 ## - GENDER

  • Gender: mujer

400 1# - SEE FROM TRACING--PERSONAL NAME

  • Personal name: Gonen, Rivḳah

400 1# - SEE FROM TRACING--PERSONAL NAME

  • Personal name: Gonen, R.
  • Fuller form of name: (Rivka)

400 1# - SEE FROM TRACING--PERSONAL NAME

  • Personal name: גונן, רבקה

670 ## - SOURCE DATA FOUND

  • Source citation: Her Biblical holy places, 1987:
  • Information found: CIP t.p. (Rivka Gonen)

670 ## - SOURCE DATA FOUND

  • Source citation: LC data base, 3-17-87
  • Information found: (hdg.: Gonen, Rivka)

670 ## - SOURCE DATA FOUND

  • Source citation: Yerushalayim bi-yeme Bayit rishon, 1990 or 1991:
  • Information found: t.p. verso (Dr. Rivḳah Gonen)

670 ## - SOURCE DATA FOUND

  • Source citation: Kele ḥeres ʻatiḳim, c1979:
  • Information found: t.p. (Rivḳah Gonen) t.p. verso (R. Gonen [in rom.])